The effect of plasma composition on chemical and physical events in the direct current plasma /

Bibliographic Details
Main Author: Mangold, Raymond A.
Other Authors: Bevan, John W. (degree committee member.), Dixon, Joe B. (degree committee member.)
Format: Thesis Book
Language:English
Published: 1986.
Subjects:
Online Access:Link to ProQuest copy
Link to OAKTrust copy

MARC

Tag First Indicator Second Indicator Subfields
LEADER 00000ctm a2200000Ka 4500
001 in00000016878
005 20220104090817.0
008 880620s2005 xx a b 000 0 eng d
035 |9 AAB1217AM 
035 |a (OCoLC)18110551 
035 |a (OCoLC)ocm18110551 
040 |a TXA  |b eng  |c TXA  |d OCLCQ  |d OCLCF  |d OCLCO  |d OCLCQ  |d TXA 
049 |a TXAM 
099 |a 1986  |a Disser-  |a tation  |a M277 
100 1 |a Mangold, Raymond A. 
245 1 4 |a The effect of plasma composition on chemical and physical events in the direct current plasma / 
264 1 |c 1986. 
300 |a xi, 133 leaves :  |b illustrations ;  |c 29 cm 
336 |a text  |b txt  |2 rdacontent 
337 |a unmediated  |b n  |2 rdamedia 
338 |a volume  |b nc  |2 rdacarrier 
500 |a "Major subject: Chemistry." 
500 |a Typescript (photocopy). 
500 |a Vita. 
502 |b Ph. D.  |c Texas A & M University  |d 1986 
504 |a Includes bibliographical references (leaves 101-107). 
520 3 |a Analytical atomic emission spectroscopy has been advanced greatly by the introduction of the plasma as an emission source. The high excitation which it obtains make it an excellent choice for atomic analysis. Still today the excitation processes that occur in the plasma are not clear. In this investigation the chemical and physical effect of plasma com position are studied. The plasma com position was changed by the introduction of other gases into a direct current plasma (DCP). The gases studied here are nitrogen and helium. Various plasma diagnostics were employed to characterize the plasmas. Measurements of atomization efficencies, excitation temperatures, detection limits, and electron densities were made. The atomization efficiency was determined by the degree of dissociation of the refractory metals in the plasma. The excitation temperatures were determined by using a series of Fe lines. The electron densities were determined by the absolute measurement of the continuum intensity in the plasma. Because of errors in the literature, a comprehensive derivation and presentation of the theory involved in continuum measurements is given. Nitrogen was introduced as a nebulization gas into the plasma. The effect of the substitution of the nebulization gas was evaluated. The operation of the plasma under these conditions was favorable with most analyses showing only marginal degradation with the exception of the refractory com pounds. The increase in molecular background was determined to be only marginal since this could be avoided by a prudent choice of analysis wavelength. The use of He in the DCP was applied in three ways: nebulization with He into a Ar plasma, the use o f He/Ar mixtures as the plasma and an all-He plasma. The methods in which He was used with Ar showed little improvement. However, when an all-He plasma was investigated, the added excitation from the He excited states made possible the detection of the halogens by non-resonant emission. Detection limits for all systems were determined. 
650 0 |a Plasma (Ionized gases)  |x Research. 
650 0 |a Plasma spectroscopy. 
650 4 |a Major chemistry. 
655 7 |a Academic theses  |2 lcgft 
700 1 |a Bastiaans, Glenn J.,  |e degree supervisor. 
700 1 |a Bevan, John W.,  |e degree committee member. 
700 1 |a Dixon, Joe B.,  |e degree committee member. 
700 1 |a Russell, David H.,  |e degree supervisor. 
710 2 |a Texas A & M University,  |e degree granting institution. 
856 4 1 |u http://proxy.library.tamu.edu/login?url=http://proquest.umi.com/pqdweb?did=749104431&sid=1&Fmt=2&clientId=2945&RQT=309&VName=PQD  |z Link to ProQuest copy  |t 0 
856 4 1 |u https://hdl.handle.net/1969.1/DISSERTATIONS-24848  |z Link to OAKTrust copy  |t 0 
994 |a C0  |b TXA 
999 f f |s 3c97df95-43aa-3061-833f-6aaac3cd643d  |i 03ddcd23-0498-355e-9928-a18c08923246  |t 0 
952 f f |p noncirc  |a Texas A&M University  |b J.J. Pickle Campus  |c High Density Repository  |s HDR  |d Remote Storage  |t 0  |e 1986 Dissertation M277  |h Other scheme  |i unmediated -- volume  |m A14839614590 
952 f f |a Texas A&M University  |b College Station  |c Electronic Resources  |s www_evans  |d Available Online  |t 0  |e 1986 Dissertation M277  |h Other scheme 
998 f f |a 1986 Dissertation M277  |t 0  |l Remote Storage 
998 f f |a 1986 Dissertation M277  |t 0  |l Available Online